| 000 | 00711nam a22002057a 4500 | ||
|---|---|---|---|
| 999 |
_c12662 _d12662 |
||
| 003 | AR-CdUCM | ||
| 008 | 190409b ||||| |||| 00| 0 spa d | ||
| 020 | _a978-958-46-3363-7 | ||
| 040 |
_aMUNICIPALIDAD PROVINCIAL DEL CUSCO _cBIBLIOTECA MUNICIPAL DEL CUSCO |
||
| 082 |
_aEP / 869.63 / _bR74 |
||
| 100 |
_aRodríguez Barreto, Erasmo _930624 |
||
| 245 |
_a99 Fábulas Para el Tercer Milenio : _bNuevos personajes y temas / |
||
| 260 |
_aColombia : _bCarvajal Soluciones de Comunicación ; _c2014. |
||
| 300 |
_a114 páginas ; _bIlustraciones _c22cm |
||
| 505 | _aContenido: Fábulas | ||
| 650 |
_aEducación primaria _91561 |
||
| 650 |
_aFábulas _94606 |
||
| 942 |
_2ddc _cLIBROS |
||
| 945 |
_anom _d2019-04-09 |
||